| 000 | 00726nam a22001815i 4500 | ||
|---|---|---|---|
| 001 | 154708 | ||
| 003 | ES-MaACL | ||
| 005 | 20230906205826.0 | ||
| 008 | 990701s1897 sp |||| | spa d | ||
| 040 |
_aGA _bspa _cCCPB | 3D |
||
| 100 | 1 |
_aGoyanes Cedrón, Vicente. _9127509 |
|
| 245 | 1 | 0 |
_aSuturas intestinales _b: aplicación del botón de Murphy y sus modificaciones / _cpor Vicente Goyanes Cedron. |
| 260 |
_aSantiago de Compostela : _b[s.n., _cs.a.] ( _fimp. de José M. Paredes) |
||
| 300 |
_a33 p. ; _c22 cm. |
||
| 594 | _aTesis-Universidad de Santiago de Compostela. | ||
| 596 | _aEn port. : 25 junio 1897. | ||
| 852 |
_aES-MaACL _jT-1136-F-8 _z-- Enc. hol. falto de la cub. original _z-- Enc. varias obras en un v. |
||
| 999 |
_c154708 _d154708 |
||